00533nam a2200145 a 4500008004100000050002200041100002100063245011300084260004000197300002100237500002400258650003900282650003100321650003500352160901s2015 ||||||||||||||||| || u aCBU-PG THESIS/CHI aChiila, Litrudah13aAn assessment of the effectiveness of municipal solid waste management of Choma Districtcby Chiila Litrudah aKitwe:bCopperbelt Universityc2015 aviii, 66p.: ill. aIncludes References aREFUSE AND REFUSE DISPOSAL--ZAMBIA aREFUSE AND REFUSE DISPOSAL aSOLID WASTE MANAGEMENT--ZAMBIA